Государственная племенная книга рысистых лошадей. Т. 10. Дополнение: Книга приплода (Запись № 13613839)

Подробности
000 -МАРКЕР
контрольное поле 01696nam2a2200265 4500
001 - ИДЕНТИФИКАТОР ЗАПИСИ
контрольное поле rc\2993011
005 - ИДЕНТИФИКАТОР ВЕРСИИ
контрольное поле 20260315063240.0
035 ## - ДРУГИЕ СИСТЕМНЫЕ НОМЕРА
Идентификатор записи (NLR Aleph) 007136905
100 ## - ДАННЫЕ ОБЩЕЙ ОБРАБОТКИ
Данные общей обработки 20110915d1980 u y0rusy50 ca
101 0# - ЯЗЫК РЕСУРСА
Язык текста, звукозаписи и т.д. русский
102 ## - СТРАНА ПУБЛИКАЦИИ ИЛИ ПРОИЗВОДСТВА
Страна публикации Российская Федерация
105 ## - ПОЛЕ КОДИРОВАННЫХ ДАННЫХ: ТЕКСТОВЫЕ МАТЕРИАЛЫ, МОНОГРАФИЧЕСКИЕ
Кодированные данные о монографическом текстовом документе y z |||||
200 1# - ЗАГЛАВИЕ И СВЕДЕНИЯ ОБ ОТВЕТСТВЕННОСТИ
Основное заглавие Книга приплода
Обозначение и номер части [Вып. 1]
Первые сведения об ответственности М-во сел. хоз-ва СССР, Гл. упр. животноводства (с Гос. инспекцией по плем. делу), Гл. упр. коневодства и конезаводства
210 ## - ПУБЛИКАЦИЯ, РАСПРОСТРАНЕНИЕ И ДР.
Место издания, распространения и т.д. Москва
Имя издателя, распространителя и т. д. Колос
Дата издания, распространения и т.д. 1980
215 ## - ФИЗИЧЕСКАЯ ХАРАКТЕРИСТИКА
Специфическое обозначение материала и объем 375 с.
Размеры 24 см
300 ## - ОБЩИЕ ПРИМЕЧАНИЯ
Текст примечания Общее загл.: Государственная племенная книга лошадей орловской рысистой породы
320 ## - ПРИМЕЧАНИЯ О НАЛИЧИИ В ДОКУМЕНТЕ БИБЛИОГРАФИИ / УКАЗАТЕЛЯ
Текст примечания Алф. указ.: с. 317-374
461 #0 - УРОВЕНЬ НАБОРА
Встроенное поле 001rc\2992998
-- 2001#$aГосударственная племенная книга рысистых лошадей$fГл. упр. коневодства НКЗ СССР и Всес. науч.-исслед. ин-т коневодства$vТ. 10. Дополнение
Системный номер (АБИС) связанной записи 7015836
Место публикации Москва
Дата публикации 1936-1989
Издание 2-е изд., доп. и перераб.
Первые сведения об ответственности Гл. упр. коневодства НКЗ СССР и Всес. науч.-исслед. ин-т коневодства
Имя издателя, распространителя и т.д. Сельхозгиз
Заглавие Государственная племенная книга рысистых лошадей
Номер тома Т. 10. Дополнение
712 01 - НАИМЕНОВАНИЕ ОРГАНИЗАЦИИ - ВТОРИЧНАЯ ОТВЕТСТВЕННОСТЬ
Начальный элемент ввода СССР
Структурное подразделение Главное управление животноводства
Код отношения Прочие
801 #0 - ИСТОЧНИК ЗАПИСИ
Страна Российская Федерация
Организация NLR
Правила каталогизации psbo
801 #1 - ИСТОЧНИК ЗАПИСИ
Страна Российская Федерация
Организация ELAR
Источник данных rusmarc
852 ## - МЕСТОНАХОЖДЕНИЕ И ШИФР ХРАНЕНИЯ
Идентификатор организации NLR
Наименование фонда или коллекции (Sub-Location Identifier) С
Шифр хранения (Call Number) 90 Г-5/76
942 ## - ДОПОЛНИТЕЛЬНЫЕ ЭЛЕМЕНТЫ ЗАПИСИ (АБИС)
Тип экземпляра АБИС Неопределено
980 ## - КОЛЛЕКЦИЯ
Название коллекции Национальная библиография

Нет доступных экземпляров.